All Alien Stage characters - Statistics

General Stats
  • This quiz has been taken 453 times
  • The average score is 11 of 22
Answer Stats
Picture Answer % Correct
Ivan
100%
Mizi
99%
Till
99%
Luka
98%
Sua
98%
Hyuna
96%
Hyun Woo
81%
Acorn
54%
Dewey
45%
Urak
42%
Isaac
40%
Nigeh
36%
Shine
35%
Freddie
31%
Durian
29%
Jacob
29%
Marty
29%
Heperu
26%
lo
24%
Phan
16%
Sua's older sister
15%
Unscha
9%
No matching quizzes found
Score Distribution
Percent of People with Each Score
Percentile by Number Answered
Your Score History
You have not taken this quiz